| 000 | 00000nam 2200000za 4500 |
| 001 | 9.844356 |
| 003 | CaOODSP |
| 005 | 20221107152729 |
| 007 | cr ||||||||||| |
| 008 | 180220s2006 onc|||| o f000 0 fre d |
| 020 | |a978-0-660-09935-4 |
| 040 | |aCaOODSP|bfre |
| 043 | |an-cn--- |
| 086 | 1 |aBT39-23/2006F-PDF |
| 110 | 1 |aCanada. |bConseil du trésor. |
| 245 | 10|aPolitique sur la gestion du matériel |h[ressource électronique]. |
| 260 | |aOttawa : |bSecrétariat du Conseil du Trésor du Canada, |cc2006. |
| 300 | |a[8] p. (pages non numérotées) |
| 500 | |aPublié aussi en anglais sous le titre : Policy on management of materiel. |
| 500 | |aÉgalement disponible en format HTML. |
| 504 | |aComprend des références bibliographiques de lien hypertexte. |
| 520 | 0 |a« Explique en quoi les biens matériels du gouvernement fédéral sont des ressources ministérielles essentielles qui, lorsque bien gérées, favorisent l’exécution rentable et efficace des programmes gouvernementaux »--Fourni par l'éditeur. |
| 692 | 07|2gccst|aPolitique gouvernementale |
| 692 | 07|2gccst|aGestion du matériel |
| 775 | 08|tPolicy on management of materiel |w(CaOODSP)9.844355 |
| 856 | 40|qPDF|s147 Ko|uhttps://publications.gc.ca/collections/collection_2018/sct-tbs/BT39-23-2006-fra.pdf |
| 856 | 4 |qHTML|sS.O.|uhttps://www.tbs-sct.gc.ca/pol/doc-fra.aspx?id=12062 |